Statistics for Lego Marvel's The Avengers All Playable Characters

Click here to take the quiz!

General Stats

  • This quiz has been taken 141 times
  • The average score is 82 of 224

Answer Stats

Answer% Correct
Hulkbuster
99%
Iron Man (MK 1)
99%
Iron Man (MK 16)
99%
Iron Man (MK 17 - Heartbreaker)
99%
Iron Man (Mk 25)
99%
Iron Man (MK 33 - Silver Centurion)
99%
Iron Man (MK38)
99%
Iron Man (MK 40)
99%
Iron Man (MK 42)
99%
Iron Man (MK 43)
99%
Iron Man (MK 45)
99%
Iron Man (MK 5)
99%
Iron Man (MK 6)
99%
Iron Man (MK 7)
99%
Superior Iron Man
99%
Tony Stark
99%
Tony Stark (A:AOU)
99%
Bruce Banner
96%
Bruce Banner (A:AOU)
96%
Hulk
95%
Hulk (A:AOU)
95%
Hulk (Lou Ferrigno)
95%
Captain America (A:AOU No Helmet)
90%
Black Widow (A:AOU)
86%
Thor (Jane Foster)
86%
Black Widow
85%
Thor
85%
Thor (A:AOU)
85%
Thor Girl
85%
Hawkeye
81%
Hawkeye (A:AOU)
81%
Hawkeye (Classic)
81%
Hawkeye (Kate Bishop)
81%
Loki
74%
Loki (No Helmet)
74%
Loki (Suit)
74%
Nick Fury
68%
Thanos
67%
Ultimate Ultron
67%
Ultron (MK 1)
67%
Ultron Prime
67%
Ultron Sentry
67%
Ultron Sentry Officer
67%
Ant-Man (Classic)
64%
Captain America (Sam Wilson)
60%
Vision
60%
Nick Fury (Bazooka)
59%
Scarlet Witch
59%
Captain America (Bucky)
58%
Bucky Barnes
57%
Bucky Barnes (Classic)
57%
Falcon
57%
Falcon (Classic)
57%
Winter Soldier
57%
Quicksilver
56%
War Machine
54%
Doctor Strange
52%
Odin
52%
Wasp (Classic)
52%
Maria Hill
48%
Maria Hill (A:AOU)
48%
Pepper Potts
47%
Red Skull
47%
General Ross
44%
Red Hulk
44%
Captain America
43%
She-Hulk
43%
Excelsior Hulk
42%
Iron Stan
42%
Stanbuster
42%
Stan Lee
42%
Heimdall
41%
Abomination
40%
Agent Coulson
40%
Agent Coulson (Destroyer Gun)
40%
Daredevil
40%
Iron Fist
40%
Rick Jones
37%
A-Bomb
36%
Mandarin (Trevor Slattery)
36%
Steve Rogers (Boxing Gloves)
36%
Steve Rogers (Civilian)
36%
Steve Rogers (Gym)
36%
The Mandarin (Classic)
36%
Hogun
35%
Arnim Zola
33%
Arnim Zola (Classic)
33%
Iron Monger
33%
Malekith
33%
Sif
33%
Agent Carter
32%
Agent Carter (Retired)
32%
Fandral
32%
Jane Foster
32%
Luke Cage
32%
M.O.D.O.K.
32%
Ms. Marvel (Carol Danvers)
32%
Ms. Marvel (Kamala Khan)
32%
Volstagg
32%
Captain Britain
31%
Crossbones (Classic)
31%
Moon Knight
31%
Aldrich Killian
30%
Captain America (A:AOU)
30%
Captain America (Classic)
30%
Captain America (No Helmet)
30%
Ronin (Blade)
30%
Squirrel-Buster
30%
Squirrel Girl (Classic)
30%
Squirrel Girl (Unbeatable)
30%
Valkyrie
28%
Jewel (Jessica Jones)
27%
Rescue
27%
Laufey
26%
Nebula
26%
Red She-Hulk
26%
Speed
26%
Baron Strucker
25%
Beta Ray Bill
25%
Fin Fang Foom
25%
Happy Hogan
25%
Nova
25%
Wiccan
25%
Absorbing Man
23%
Batroc
23%
Destroyer (Minifigure)
23%
Human Torch (Original)
23%
Ronan the Accuser
23%
A.I.M. Agent
22%
Hulkling
22%
Iron Patriot
22%
Kurse
22%
The Collector
22%
Crimson Dynamo
21%
Mantis
21%
Erik Selvig
20%
Agent Sitwell
19%
Devil Dinosaur
19%
Justin Hammer
19%
Leader
19%
Moondragon
19%
Taskmaster
19%
White Tiger
19%
Amadeus Cho
17%
Black Goliath
17%
Blue Marvel
17%
Captain Universe
17%
Chitauri Tourist
17%
Dark Elf
17%
Erik Selvig (Untidy)
17%
Grandmaster
17%
Hellcat
17%
Wizard
17%
Ares
16%
Crystal
16%
Dum Dum Dugan
16%
Quasar
16%
Skaar
16%
Swordsman
16%
Tigra
16%
Ulysses Klaue
16%
Union Jack
16%
Agent Williams
15%
America Chavez
15%
Egghead
15%
Laura Barton
15%
Mockingbird
15%
Moon Boy
15%
The Other
15%
Brock Rumlow
14%
Sentry
14%
Viper
14%
Arkon
12%
Butterball
12%
Doctor Helen Cho
12%
Doctor List
12%
Grim Reaper
12%
Ragnarok
12%
Wendigo
12%
Blazing Skull
11%
Damage Control
11%
Echo
11%
Firebird
11%
Harley Keener
11%
Hazmat
11%
Hulk-Killer
11%
Korvac
11%
Lou Ferrigno
11%
X-Ray
11%
Chase
10%
Cloud 9
10%
Cottonmouth
10%
Demolition Man
10%
Detroit Steel
10%
Finesse
10%
Jack of Hearts
10%
Lightspeed
10%
Thunderstrike
10%
Veil
10%
Gargoyle
9%
Gorilla Girl
9%
Gorilla Girl (Gorilla Form)
9%
Iron Legion
9%
Spitfire
9%
The Protector
9%
Trauma
9%
Bengal
7%
Beth The Waitress
7%
Count Nefaria
7%
Diamondback
7%
Ellen Brandt
7%
Extremis Soldier
7%
Komodo
7%
Maya Hansen
7%
Reptil
7%
Striker
7%
Klaue Henchman
6%
Lorelei
6%
Madame B.
6%
Pepper Potts (MK 42)
6%
Ravage
6%
S.H.I.E.L.D. Scientist
6%
Death Locket
5%
Mighty Destroyer
4%

Score Distribution

Percentile by Number Answered

Percent of People with Each Score

Your Score History

You have not taken this quiz